[Event "Outaouais-ch Reserve"]
[Site "Hull"]
[Date "1995.05.21"]
[Round "4"]
[White "Roy, Roger"]
[Black "Legare, Yves"]
[Result "1-0"]
[WhiteElo "1732"]
[BlackElo "1042"]
[PlyCount "69"]
[EventDate "1995.04.30"]
[EventType "tourn"]
[EventRounds "5"]
[EventCountry "CAN"]
[SourceTitle "EXT 2022"]
[Source "ChessBase"]
[SourceDate "2021.10.06"]
[SourceVersion "1"]
[SourceVersionDate "2021.10.06"]
[SourceQuality "1"]

1. Nf3 c5 2. c4 Nf6 3. g3 b6 4. Bg2 Bb7 5. 0-0 g6 6. Nc3 Bg7 7. d3 0-0 8. Bf4 d5 9. Nb5 Nbd7 10. Ne5 Nxe5 11. Bxe5 Ne8 12. Bxg7 Kxg7 13. e3 Nc7 14. Nxc7 Qxc7 15. cxd5 Rfd8 16. Qb3 Rac8 17. Rac1 Qd7 18. Qc3+ f6 19. e4 Ba6 20. b3 Qb5 21. Rfd1 Qb4 22. Qb2 Qd4 23. Qa3 Bxd3 24. Qxa7 Ra8 25. Qxe7+ Kh8 26. Rxd3 Qxd3 27. Qxf6+ Kg8 28. Bh3 Re8 29. Be6+ Rxe6 30. Qxe6+ Kf8 31. Qxb6 Rxa2 32. Qxc5+ Kg7 33. Qe7+ Kh6 34. Qh4+ Kg7 35. Rc7+ 1-0